|
|
|
|
| LEADER |
01253nam a22002537a 4500 |
| 001 |
4864 |
| 003 |
BD-DhAAL |
| 005 |
20150106110928.0 |
| 008 |
150106s1972 ii ||||| |||| 00| 0 eng d |
| 040 |
|
|
|a BD-DhAAL
|c BD-DhAAL
|
| 082 |
|
|
|2 22
|a 304.6/66/0954
|
| 245 |
|
|
|a Workshops on functional literacy and family life planning education at Hyderabad, February 1-12, 1972, Lucknow, February 26-March 9, 1972.
|
| 246 |
|
|
|a Functional literacy and family life planning education
|
| 260 |
|
|
|a Lucknow ;
|a Hyderabad :
|b Literacy House,
|c [1972]
|
| 300 |
|
|
|a xi, 290 pages, [6] pages of plates :
|b illustrations ;
|c 23 cm
|
| 500 |
|
|
|a "Sponsored by Population Council of India, New Delhi, World Education Inc., New Delhi, Literacy House (South), Hyderabad, Literacy House (North), Lucknow."
|
| 650 |
|
|
|a Family life education
|z India
|9 7110
|
| 710 |
|
|
|a Population Council of India
|9 7111
|
| 710 |
|
|
|a World Education (Organization : U.S.)
|9 7112
|
| 710 |
|
|
|a Literacy House (Firm)
|9 7113
|
| 852 |
|
|
|a Ayesha Abed Library
|b General Stacks
|
| 942 |
|
|
|2 ddc
|c BK
|
| 999 |
|
|
|c 33388
|d 33388
|
| 952 |
|
|
|0 0
|1 0
|2 ddc
|4 0
|6 304_666095400000000_WOR
|7 0
|9 44628
|a BRACUL
|b BRACUL
|c GEN
|d 2015-01-06
|g 0.00
|l 0
|o 304.6660954 WOR
|p 3010004864
|r 2015-01-06
|t 1
|w 2015-01-06
|y BK
|z Not price in Register
|